| 000 | 01157cam a2200301 a 4500 | ||
|---|---|---|---|
| 001 | 14298908 | ||
| 003 | OSt | ||
| 005 | 20160615182449.0 | ||
| 008 | 060314m20052006enka b 001 0 eng | ||
| 010 | _a 2006273416 | ||
| 020 | _a9780521135177 | ||
| 040 |
_aDLC _cDLC _dDLC |
||
| 050 | 0 | 0 |
_aRC961.5 _b.C527 2005 |
| 082 | 0 | 0 |
_aWB 141 C415d 2006 _222 |
| 100 | 1 |
_aCheesbrough, Monica. _9884 |
|
| 245 | 1 | 0 |
_aDistrict laboratory practice in tropical countries Part 1 _cMonica Cheesbrough. |
| 250 |
_a2nd ed. _bpart 1 |
||
| 260 | _aCambridge University Press, 2006 | ||
| 300 |
_avi, 454 p. : _bill. (some col.) ; _c26 cm. |
||
| 490 | 0 | _aTropical health technology | |
| 650 | 0 |
_aTropical medicine _9885 |
|
| 650 | 0 |
_aDiagnosis, Laboratory _9886 |
|
| 856 | 4 | 2 |
_3Publisher description _uhttp://www.loc.gov/catdir/enhancements/fy0633/2006273416-d.html |
| 856 | 4 | 1 |
_3Table of contents only _uhttp://www.loc.gov/catdir/enhancements/fy0633/2006273416-t.html |
| 906 |
_a7 _bcbc _corigcop _d2 _encip _f20 _gy-gencatlg |
||
| 942 |
_2z _cB_BANK |
||
| 999 |
_c340 _d340 |
||